000 00656cab a2200241 4500
001 WB3512-24
008 090401t1999 xxu||||| |||| 00| 0 eng d
035 _a(Sirsi) u92358
041 _aeng
245 _aLandlord and Tenant - user restriction
260 _c1999
350 _a0
490 _aEstates Gazette Case Summaries
_v[1999] EGCS 37 (20 March 1999) (1)
650 _aBUSINESS TENANCIES
650 _aCHANGE OF USE
650 _aCOMPETITION
650 _aGYMS
650 _aRESTRICTED USE
650 _aSPORTOFFER LTD V EREWASH BC
690 _aLANDLORD AND TENANT-BUSINESS TENANCIES-CASE LAW
942 _n0
948 _c24/03/1999
999 _c58563
_d58563